Music Quiz

Random Music or Lyrics Quiz

Lyrics: 'Love Is All Around' by The Troggs Quiz Stats

Quiz not verified by Sporcle

Challenge
Share
Tweet
Embed
Score 0/180 Timer 07:00
0 Plays Today
% Correct
I
99.4%
in
99.4%
I
99.4%
in
99.4%
love
99.4%
I
99.4%
love
99.4%
I
99.4%
love
99.4%
I
99.4%
I
99.4%
love
99.4%
I
99.4%
I
99.4%
I
99.4%
I
99.4%
I
99.4%
in
99.4%
I
99.4%
I
99.4%
love
99.4%
I
99.4%
I
99.4%
love
99.4%
I
99.4%
love
99.4%
around
98.2%
is
97.5%
all
97.5%
all
97.5%
it
96.9%
it
96.9%
it
96.9%
it
96.9%
it
96.9%
feel
95.7%
my
95.7%
feel
95.7%
my
95.7%
me,
95.7%
you
95.7%
You
95.7%
you,
95.7%
My
95.7%
feel
95.7%
my
95.7%
you
95.7%
my
95.7%
you
95.7%
You
95.7%
you
95.7%
You
95.7%
you,
95.7%
My
95.7%
feel
95.7%
my
95.7%
you
95.7%
you
95.7%
and
95.1%
me,
95.1%
% Correct
and
95.1%
me,
95.1%
me,
95.1%
and
95.1%
me
95.1%
me,
95.1%
and
95.1%
and
95.1%
to
93.3%
to
93.3%
to
93.3%
fingers,
92.6%
toes
92.6%
the
92.6%
the
92.6%
the
92.6%
the
92.6%
the
92.6%
the
92.6%
on
89.6%
on
89.6%
on
89.6%
on
89.6%
on
89.6%
on
89.6%
on
89.6%
on
89.6%
so
88.3%
So
88.3%
show
88.3%
So
88.3%
show
88.3%
show
88.3%
[Repeat to fade]
88.3%
go
87.7%
if
87.7%
let
87.7%
go
87.7%
if
87.7%
let
87.7%
let
87.7%
come
86.5%
come
86.5%
Come
86.5%
no
85.9%
no
85.9%
no
85.9%
no
85.9%
know
85.3%
that
85.3%
know
85.3%
that
85.3%
really
84.7%
be
84.7%
be
84.7%
really
84.7%
feeling
81.6%
always
81%
can
81%
always
81%
% Correct
can
81%
everywhere
80.4%
way
80.4%
end
80.4%
way
80.4%
end
80.4%
everywhere
80.4%
It's
79.8%
It's
79.8%
will
79.8%
There's
79.8%
will
79.8%
There's
79.8%
It's
79.8%
It's
79.8%
grows
77.3%
beginning,
76.7%
your
76.7%
your
76.7%
beginning,
76.7%
up
75.5%
up
75.5%
there'll
74.8%
there'll
74.8%
mind's
73.6%
by
73.6%
mind's
73.6%
by
73.6%
'Cause
73%
depend
73%
'Cause
73%
depend
73%
written
71.8%
wind,
71.8%
made
71.8%
made
71.8%
written
71.8%
wind,
71.8%
do
63.2%
mine
62%
gave
60.7%
gave
60.7%
see
57.1%
as
54%
of
50.3%
before
49.7%
things
49.7%
face
49.1%
bed
49.1%
said
49.1%
promise
49.1%
lay
48.5%
everything
48.5%
need
42.9%
get
42.3%
thinking
41.1%
beside
38%
kinda
33.1%
someone
32.5%
Well,
26.4%

You're not logged in!

Compare scores with friends on all Sporcle quizzes.
Sign Up with Email
OR
Log In

You Might Also Like...

Show Comments

Extras

Top Quizzes Today


Score Distribution

Your Account Isn't Verified!

In order to create a playlist on Sporcle, you need to verify the email address you used during registration. Go to your Sporcle Settings to finish the process.